00943nam a2200253Ia 4500003000900000008004100009020001800050040001600068080002400084111009200108245014100200260004300341300001500384490001500399650002600414650003000440650001700470650001800487650002800505700002000533942000700553999001700560952011200577IN-BaIIA211028s9999 xx 000 0 eng d a92-9092-772-0 cIIA Library a523.942(082.2)bSUB aInternational Conference on Substormsn5thcSt.Peterburg, Russiad2000 May 16-20925874 0aSubstormsbproceedings of fifth international conference on substorms held in St.Peterburg, Russia, May 16-20, 2000cedited by A. Wilson aNoordwijkbEuropean Space Agencyc2000 axii, 626p. aESA SP-443 aMagnetic storm925875 aRadar observations925876 aSolar system aSP-443925877 aSubstorm physics925878 aWilson, A., ed. cBK c14554d14554 00104070aBANbBANcGENd2002-04-05l0o523.942(082.2)/ SUBp15476r2021-11-05w2002-04-05yBKG€ 60.00